| 000 | 02063nam a22003853i 4500 | ||
|---|---|---|---|
| 001 | EBC6791202 | ||
| 003 | MiAaPQ | ||
| 005 | 20220209141336.0 | ||
| 007 | cr cnu|||||||| | ||
| 008 | 220125s2021 xx o ||||0 ger d | ||
| 020 |
_a9783835347748 _q(electronic bk.) |
||
| 020 | _z9783835339149 | ||
| 040 |
_aMiAaPQ _bde _cMiAaPQ |
||
| 100 | 1 |
_aBlume, Dieter. _91328 _4aut _eVerfasser |
|
| 245 | 1 | 4 |
_aEin Engel im Atelier : _bzu Gast bei Gerhard Altenbourg. _cDieter Blume ; mit einem Nachwort von Roland Krischke |
| 264 | 1 |
_aGöttingen : _bWallstein Verlag, _c2021. |
|
| 264 | 4 | _c{copy}2021. | |
| 300 | _a1 online resource (77 pages) | ||
| 336 |
_aText _btxt _2rdacontent |
||
| 337 |
_aComputermedien _bc _2rdamedia |
||
| 338 |
_aOnline Resource _bcr _2rdacarrier |
||
| 500 | _aE-Book-ProQuest / Fernzugriff nach Registrierung möglich | ||
| 505 | 0 | _aUmschlag -- Titel -- Impressum -- Inhalt -- Das ›Atelier‹ an der Spinnbahn -- Engel und Phallus - Licht und Schatten -- Das Triptychon - Sündenfall, Nächstenliebe und antiker Mythos -- Die Grenze nach draußen - Der Vorhang vor dem Fenster -- Neben den Bildern - Weitere Ausstattungselemente -- Skulptur ›Freunde‹ -- Altenbourg und das Informel - Künstlerischer Aufbruch in West und Ost -- Persönliches Nachwort -- Biografie von Gerhard Altenbourg -- Anmerkungen -- Literatur -- Bildnachweis -- Roland Krischke: Das Haus, darin sich Schicksale kreuzen. | |
| 600 |
_aAltenbourg, Gerhard _91411 |
||
| 650 | 4 |
_aKunst _9369 |
|
| 650 | 4 |
_aAtelier _92401 |
|
| 655 | 4 | _aElectronic books. | |
| 655 |
_aFernzugriff _9230 |
||
| 700 | 1 |
_aAltenbourg, Gerhard _4ill _eIllustratorIn _91411 |
|
| 700 | 1 |
_aKrischke, Roland. _91330 _4aft _eVerfasserIn eines Nachworts |
|
| 710 |
_aAltenbourg, Stiftung Gerhard _91413 |
||
| 776 | 0 | 8 |
_iPrint version: _aBlume, Dieter _tEin Engel im Atelier _dGöttingen : Wallstein Verlag,c2021 _z9783835339149 |
| 856 | 4 | 0 |
_uhttps://ebookcentral.proquest.com/lib/maxweberstiftung-ebooks/detail.action?docID=6791202 _zVolltext |
| 942 |
_cEB _2z |
||
| 999 |
_c58925 _d58925 |
||